| 000 | 00340nam a22001337a 4500 | ||
|---|---|---|---|
| 020 | _a978-81-7476-650-2 | ||
| 082 |
_a158 _bKAP/Y |
||
| 100 | _aKAPOOR,VIRENDER | ||
| 245 | _aYOUR PERSONAL GUIDE TO VICTORY | ||
| 260 |
_aINDIA _bUBS PUBLISHER'S DISTRIBUTORS PVT.LTD. |
||
| 300 | _a342 | ||
| 650 |
_aPERSONALITY EVELOPMENT _zINDIA |
||
| 942 | _cBK | ||
| 999 |
_c5426 _d5426 |
||